Buta sudah Berakhir

Bibliographic Details
Main Author: Syed Mahadzir
Format: Book
Published: Selangor : Cooray'sHouse Of Publication Sdn Bhd , (s.n)
Series:siri Hentikan Buli

MARC

LEADER 00000cam a2200000 7i4500
001 0000051708
005 20150906.0
008 150906
020 |a 9832852811(set) 
020 |a 983370400X 
090 0 0 |a MOR   |b MAL 
100 0 |a Syed Mahadzir 
245 1 0 |a Buta sudah Berakhir   |c Syed Mahadzir 
260 |a Selangor :   |b Cooray'sHouse Of Publication Sdn Bhd ,   |c (s.n) 
490 0 |a siri Hentikan Buli 
999 |a 0001042844   |b Book   |c Children Collection   |e Cawangan Segamat 
999 |a 0001052090   |b Book   |c Children Collection   |e Cawangan Taman Universiti 
999 |a 0001052092   |b Book   |c Children Collection   |e Cawangan Tmn. Ungku Tun Aminah 
999 |a 0001052093   |b Book   |c Adult Collection   |e Cawangan Mersing 
999 |a 0001052094   |b Book   |c Children Collection   |e Cawangan Pontian 
999 |a 0001052096   |b Book   |c Children Collection   |e Cawangan Kota Tinggi 
999 |a 0001070713   |b Book   |c Children Collection   |e Cawangan Taman Universiti 
999 |a 0001075761   |b Book   |c Children Collection   |e Cawangan Mersing 
999 |a 0001130710   |b Book   |c Children Collection   |e Cawangan Taman Sri Lambak 
999 |a 0001130715   |b Book   |c Children Collection   |e Cawangan Tangkak 
999 |a 0001138610   |b Book   |c Children Collection   |e Cawangan Tangkak 
999 |a 0001138928   |b Book   |c Children Collection   |e Cawangan Tmn. Ungku Tun Aminah